Quiz événements islam médiéval (622-762) - Statistiques

Statistiques générales
  • Ce quiz a été pris 119 fois
    47 depuis la dernière actualisation
  • Le résultat moyen est 8 sur 20
Statistiques - réponses
Hint Réponse % Correct
L'Hégire, début du calendrier de l'islam et déplacement de Muhammad de la Mecque à Médine avec ses compagnons. 622
94%
Bataille du chameau entre ‘Alî et d’anciens compagnons de Muhammad ainsi que sa veuve Aisha 656
51%
Bataille de Siffin contre Mu’âwiya, alors gouverneur de Damas. Demande d’arbitrage critiquée par les kharijites 657
49%
Husayn, fils de ‘Alî est tué à Kerbala en cette année 680
49%
Échec du siège de Constantinople mené par Maslama b. Abd al-Malik 717
46%
Période dite des “califes bien guidés” 632-661
43%
1ère fitna 656-661
43%
Premières expéditions islamiques en Al-Andalus 711
43%
Fondation de Bagdad 762
43%
Disparition de l’empire Sassanide 637
40%
Fondation de la ville-camp de Fustat 643
34%
Période de la branche sufyanide de la dynastie omeyyade 661-684
34%
2è fitna 680-692
34%
Période de la branche marwânide de la dynastie omeyyade 684-750
34%
Fondation du Dôme du Rocher à Jérusalem par 'Abd al-Malik 691
34%
Révolte de Zayd b. ‘Alî, petit fils de Husayn, à Kûfa. Marque la naissance du mouvement activiste shi’ite du zaydisme 740
34%
Deuxième révolte shi’ite à Kûfa qui va être réprimée. Les révoltés sont chassés dans le Khurâsân et seront tués en 747 par Abû Muslim 744
34%
Chute de Carthage 698
29%
Fondation de Basra et Kûfa 638
26%
Révolte au Maghreb menée par Maysara qui entraînent la perte de contrôle de la région et la proclamation d’un imamat kharijite à Tanger 738-39
20%
Aucun quiz correspondant
Distribution des résultats
% des personnes avec chaque résultat
Percentile par nombre de réponses
Votre historique - résultats
Vous n’avez pas pris ce quiz depuis la dernière actualisation